UK Government spending - Statistics

General Stats
  • This quiz has been taken 84 times
  • The average score is 5 of 8
Answer Stats
Proportion of total govt spending Answer % Correct
19% Health care
96%
6% Defence
88%
11% Education
76%
14% Welfare
67%
20% Pensions
53%
4% Law & order and emergency
51%
4% Transport
51%
7% Interest on government debt
27%
No matching quizzes found
Score Distribution
Percent of People with Each Score
Percentile by Number Answered
Your Score History
You have not taken this quiz